|
|
|
|
| LEADER |
00000nam0a2200000 4500 |
| 001 |
146729 |
| 005 |
20231101221240.0 |
| 035 |
|
|
|a (RuTPU)RU\TPU\book\159056
|
| 035 |
|
|
|a RU\TPU\tpu\2585
|
| 090 |
|
|
|a 146729
|
| 100 |
|
|
|a 20081101d1905 km y0rusy50 ca
|
| 101 |
0 |
|
|a rus
|
| 102 |
|
|
|a RU
|
| 105 |
|
|
|a y j 001zb
|
| 200 |
1 |
|
|a Курс петрографии
|e лекции, читанные студентам Института
|f В. А. Обручев
|g Томский технологический институт (ТТИ)
|
| 210 |
|
|
|a Томск
|c Технологический ин-т
|d 1905
|
| 215 |
|
|
|a 578 с.
|
| 300 |
|
|
|a Литогр. изд.
|
| 316 |
|
|
|5 63413507: 20//442
|a На тит. листе штамп библиотеки Приморского Землячества
|
| 320 |
|
|
|a Алфавитный указатель в начале книги
|
| 606 |
1 |
|
|a Петрография
|2 stltpush
|3 (RuTPU)RU\TPU\subj\48701
|9 67549
|
| 610 |
1 |
|
|a породообразующие минералы
|
| 610 |
1 |
|
|a горные породы
|
| 610 |
1 |
|
|a свойства
|
| 610 |
1 |
|
|a происхождение
|
| 610 |
1 |
|
|a формы
|
| 610 |
1 |
|
|a изверженные горные породы
|
| 610 |
1 |
|
|a состав
|
| 610 |
1 |
|
|a классификация
|
| 610 |
1 |
|
|a глубинные горные породы
|
| 610 |
1 |
|
|a осадочные горные породы
|
| 610 |
1 |
|
|a метаморфизм
|
| 610 |
1 |
|
|a лекции
|
| 610 |
1 |
|
|a учебные пособия
|
| 610 |
1 |
|
|a труды учёных ТПУ
|
| 610 |
1 |
|
|a коллекция В. А. Обручева
|
| 675 |
|
|
|a 552
|v 3
|
| 700 |
|
1 |
|a Обручев
|b В. А.
|c геолог, географ
|c академик
|c исследователь Сибири, Центральной и Средней Азии
|f 1863-1956
|g Владимир Афанасьевич
|2 stltpui
|3 (RuTPU)RU\TPU\pers\996
|
| 712 |
0 |
2 |
|a Томский технологический институт (ТТИ)
|c (1896-1930)
|2 stltpush
|3 (RuTPU)RU\TPU\col\9244
|
| 801 |
|
0 |
|a RU
|b 63413507
|c 20011210
|g PSBO
|
| 801 |
|
2 |
|a RU
|b 63413507
|c 20181217
|g PSBO
|
| 942 |
|
|
|c BK
|